I, Ceasar [i.e. Caesar] Εγώ, ο Καίσαρας
"Η άνοδος και η πτώση της Ρωμαϊκής παντοκρατορίας μέσα από τα μάτια των 6 σημαντικότερων αυτοκρατόρων: Ιούλιος Καίσαρας, Αύγουστος, Νέρωνας, Αδριανός, Μέγας Κωνσταντίνος, Ιουστινιανός". Περίληψη από τη θήκη....
Αποθηκεύτηκε σε:
| Άλλοι συγγραφείς: | |
|---|---|
| Μορφή: | |
| Γλώσσα: | English Greek |
| Δημοσίευση: |
[S.l.] : Αθήνα :
BBC, Prooptiki [Εταιρεία διανομής],
[1997].
|
| Θέματα: | |
| Ετικέτες: |
Προσθήκη ετικέτας
Δεν υπάρχουν, Καταχωρήστε ετικέτα πρώτοι!
|
MARC
| LEADER | 00000cgm a2200000 i 4500 | ||
|---|---|---|---|
| 001 | 1/12649 | ||
| 008 | 110329s1997####xx ||| | || ||eng|| | ||
| 035 | |l 10109864 | ||
| 040 | |a GR-MY-UA |b gre |e aacr | ||
| 041 | 0 | |a eng |j gre | |
| 082 | 0 | |a 937.06 |2 (22) | |
| 245 | 1 | 0 | |a I, Ceasar [i.e. Caesar] |h [μαγνητοσκόπηση] = |b Εγώ, ο Καίσαρας / |c Σκηνοθεσία: Φιλ Γκράμπσκι. |
| 246 | 1 | |i Παράλληλος τίτλος: |a Εγώ, ο Καίσαρας |h [μαγνητοσκόπηση] | |
| 260 | |a [S.l.] : |a Αθήνα : |b BBC, |b Prooptiki [Εταιρεία διανομής], |c [1997]. | ||
| 300 | |a 2 βιντεοδίσκοι (150 λεπτ.) : |b ομίλ., έγχρ. ; |c 4 3/4 ίν. | ||
| 500 | |a Κυκλοφόρησε πρώτη φορά ως τηλεοπτική σειρά το 1997. | ||
| 500 | |a Στα αγγλικά με ελληνικούς υπότιτλους. | ||
| 508 | |a Παραγωγή-σκηνοθεσία: Φιλ Γκράμπσκι, συ-σκηνοθεσία: Πίτερ Νίκολσον. | ||
| 520 | |a "Η άνοδος και η πτώση της Ρωμαϊκής παντοκρατορίας μέσα από τα μάτια των 6 σημαντικότερων αυτοκρατόρων: Ιούλιος Καίσαρας, Αύγουστος, Νέρωνας, Αδριανός, Μέγας Κωνσταντίνος, Ιουστινιανός". Περίληψη από τη θήκη. | ||
| 650 | 0 | 0 | |a Emperors |z Rome |x Biography. |
| 651 | 0 | |a Rome |x History. | |
| 700 | 1 | |a Grabksy, Phil. |4 drt |4 pro | |
| 852 | |a INST |b SYROS |c AV |e 20110329 |h 937.06 GRA |p 005500009244 |q 005500009244 |t DVD |y 23 |z Disc.2 | ||
| 852 | |a INST |b SYROS |c AV |e 20110329 |h 937.06 GRA |p 005500009245 |q 005500009245 |t DVD |y 23 |z Disc.1 | ||
| 852 | |a INST |b SYROS |c AV |e 20110329 |h 937.06 GRA |p 005500009244 |q 005500009244 |t DVD |v Disc.2: |y 23 |z Disc.2 | ||
| 852 | |a INST |b SYROS |c AV |e 20110329 |h 937.06 GRA |p 005500009245 |q 005500009245 |t DVD |v Disc.1: |y 23 |z Disc.1 | ||
| 853 | |a INST |b SYROS |c AV |h 937.06 GRA | ||
| 901 | |a BIBL5-2008-1 | ||
| 909 | |a Ε |b 165494 | ||
| 909 | |a Ε |b 165495 | ||
| 922 | |a 5ΕΛΗ |b 200709 |c ΒΙΒΛΙΟΘΗΚΗ ΣΥΡΟΥ |d ANACO | ||
| 970 | |a ΚΟΝΤΟΥ |b ΠΑΡΑΣΚΕΥΗ |z 2011/03/29 | ||